| 000 | 00794nas a2200253 4500 | ||
|---|---|---|---|
| 001 | BR9705210 | ||
| 003 | BR-BrBNA | ||
| 005 | 20231205100619.0 | ||
| 007 | ta | ||
| 008 | 230509b bl.|||p| |||| 00| 00por d | ||
| 040 |
_aBR-BrBNA _bpor _cBiblioteca Nacional de Agricultura |
||
| 041 | _a(Pt) | ||
| 072 | _aK10 | ||
| 100 | 1 | _aJardim, F.C. da S. | |
| 100 | 1 | _aSouza, A.L. de | |
| 245 | 1 | _aDinamica da vegetacao herbaceo-arbustiva com DAP maior ou igual a 5,0 cm na Estacao Experimental de Silvicultura Tropical do INPA, Manaus-AM | |
| 650 | _aFloresta | ||
| 650 | _aDesbaste | ||
| 650 | _aAnelagem | ||
| 650 | _aAmazonas | ||
| 773 | 0 |
_tRevista Arvore (Brazil) _xISSN 0100-6762 _g(1997), v. 21(1) p. 27-34 _wBR9705210 |
|
| 909 |
_a202311 _bLúcia _c55 _dLúcia Elande |
||
| 942 |
_2AGRIS _n0 _cANA |
||
| 999 |
_c157012 _d157012 |
||